[Event "Ljubljana-chT 63rd Superliga"]
[Site "Ljubljana"]
[Date "2010.03.11"]
[Round "8.3"]
[White "Janjic, Vitomir"]
[Black "Marolt, Damjan"]
[Result "1/2-1/2"]
[WhiteElo "2004"]
[BlackElo "2002"]
[PlyCount "104"]
[EventDate "2010.01.07"]
[EventType "team-tourn"]
[EventRounds "9"]
[EventCountry "SLO"]
[SourceTitle "EXT 2022"]
[Source "ChessBase"]
[SourceDate "2021.10.06"]
[SourceVersion "1"]
[SourceVersionDate "2021.10.06"]
[SourceQuality "1"]
[WhiteTeam "Domzale SD"]
[BlackTeam "Farmacija"]
[WhiteTeamCountry "SLO"]
[BlackTeamCountry "SLO"]

1. Nf3 d5 2. e3 Bg4 3. h3 Bh5 4. b3 Nd7 5. Bb2 e6 6. Be2 Ngf6 7. Ne5 Bxe2 8. Qxe2 Nxe5 9. Bxe5 c6 10. 0-0 Nd7 11. Bb2 f6 12. f4 Bd6 13. d3 0-0 14. Nd2 Qb6 15. Kh1 a5 16. a4 Qc7 17. Rf2 b5 18. c4 bxc4 19. dxc4 Bb4 20. Ba3 Rfb8 21. Bxb4 Rxb4 22. Qd3 Nc5 23. Qc2 Qb6 24. cxd5 cxd5 25. Rb1 Rb8 26. Qc3 Nxa4 27. bxa4 Rxb1+ 28. Nxb1 Qxb1+ 29. Kh2 Qb4 30. Qc6 Qb6 31. Qd7 Rd8 32. Qe7 Qd6 33. Qa7 Qc6 34. Qxa5 Ra8 35. Qb5 Qc4 36. Qd7 Qe4 37. a5 h6 38. a6 Qxe3 39. Rf3 Qb6 40. Rc3 Ra7 41. Qe8+ Kh7 42. Rc6 Qe3 43. Qb8 e5 44. fxe5 Qxe5+ 45. Qxe5 fxe5 46. Rd6 d4 47. Kg3 Re7 48. Kf2 Ra7 49. Kf3 d3 50. Ke3 e4 51. Rb6 Rd7 52. Rb2 Rd6 1/2-1/2

[Event "Ljubljana-chT"]
[Site "Gostovanja"]
[Date "2009.01.29"]
[Round "4.2"]
[White "Plaskan, Jure"]
[Black "Marolt, Damjan"]
[Result "1/2-1/2"]
[WhiteElo "2169"]
[BlackElo "2016"]
[PlyCount "90"]
[EventDate "2009.01.08"]
[EventType "team-tourn"]
[EventRounds "9"]
[EventCountry "SLO"]
[SourceTitle "EXT 2011"]
[Source "ChessBase"]
[SourceDate "2010.11.26"]
[SourceVersion "1"]
[SourceVersionDate "2010.11.26"]
[SourceQuality "1"]

1. e4 d5 2. exd5 Nf6 3. d4 Bg4 4. Be2 Bxe2 5. Nxe2 Qxd5 6. 0-0 e6 7. Bf4 c6 8. Qd3 Be7 9. c4 Qe4 10. Qxe4 Nxe4 11. Re1 Nf6 12. Nbc3 0-0 13. Rad1 Nbd7 14. d5 cxd5 15. cxd5 exd5 16. Nxd5 Nxd5 17. Rxd5 Nb6 18. Rd3 Bf6 19. b3 Rad8 20. Red1 Rxd3 21. Rxd3 Rd8 22. Rxd8+ Bxd8 23. Be3 Nc8 24. Nc3 a6 25. Ne4 Be7 26. Kf1 f5 27. Nc5 Bxc5 28. Bxc5 Kf7 29. Ke2 Ne7 30. Bxe7 Kxe7 31. Ke3 Ke6 32. Kd4 Kd6 33. b4 b6 34. f4 Ke6 35. Kc4 Kd6 36. g3 Kc6 37. b5+ axb5+ 38. Kb4 h6 39. h3 h5 40. h4 g6 41. a3 Kc7 42. Kxb5 Kb7 43. Kb4 Kc6 44. Kc4 b5+ 45. Kb4 Kb6 1/2-1/2

[Event "SLO-chT2"]
[Site "Slovenia"]
[Date "2002.??.??"]
[Round "6"]
[White "Sajn, Simon"]
[Black "Marolt, Damjan"]
[Result "1/2-1/2"]
[WhiteElo "1929"]
[BlackElo "1781"]
[PlyCount "52"]
[EventDate "2002.04.07"]
[EventType "team"]
[EventRounds "9"]
[EventCountry "SLO"]
[SourceTitle "EXT 2005"]
[Source "ChessBase"]
[SourceDate "2004.11.15"]
[SourceVersion "1"]
[SourceVersionDate "2004.11.15"]
[SourceQuality "1"]

1. d4 d5 2. Nf3 Nf6 3. c4 c6 4. Nc3 e6 5. Bg5 dxc4 6. a4 Bb4 7. Qc2 h6 8. Bxf6 gxf6 9. e4 b5 10. g3 Bb7 11. Bg2 Qc7 12. 0-0 Bxc3 13. bxc3 Nd7 14. Rab1 a6 15. d5 cxd5 16. exd5 Bxd5 17. axb5 axb5 18. Rxb5 Rb8 19. Rfb1 0-0 20. Nd4 Bxg2 21. Rxb8 Rxb8 22. Kxg2 Rxb1 23. Qxb1 Nc5 24. Qb4 Nd3 25. Qb5 Kg7 26. Nc6 Ne5 1/2-1/2